00524nam a2200193 a 4500001001300000003000900013005001700022008004100039020002300080082001700103100001900120245004600139260004500185300000900230500003500239505001300274650002400287700001900311nice12345678IN_TiNIC20260116012947.0050524s1981 dela grp 000 0 eng  a0706939 c10000a962.054bSHO aShoukri, Ghali aEgyptb Portrait of a President 1971-1981 aDelhi bVikas Pub House Pvt. Ltd. c1981 a465p aincludes index and biblioraphy2 aAppendix aEgypt-History-Sadat1 aShoukri, Ghali